000 00482nam a2200181 a 4500
001 4634
003 CO-ViMGA
008 141112s2004 ck r 000 u spa d
040 _aCO-ViMGA
_bspa
_cCO-ViMGA
082 0 4 _a113 G172
100 1 _aGardner, Martin
245 1 0 _aEl universo ambidiestro :
_bsimetrias y asimetrias del cosmos
260 _aBarcelona :
_bLabor,
_c1993
300 _a343 p : il
590 _aEjemplares : 01
650 1 4 _aCOSMOLOGIA
_955593
942 _2ddc
_cBK
999 _c16644
_d16644